000 00813nam a2200277 a 4500
001 2180
003 BD-RjUL
005 20211208233511.0
008 131210s1987 ilu b 001 0 eng
020 _a0875813216 (pbk.)
035 _a(BD-RjUL)2207
040 _aDLC
_cDLC
_dDLC
_dBD-RjUL
_beng
041 _aeng
082 0 0 _a361.8
_219
_bSTR 1987
245 0 0 _aStrategies of community organization :
_bmacro practice /
_cedited by Fred M. Cox ... [et al.].
250 _a4th ed.
260 _aItasca, Ill. :
_bF.E. Peacock Publishers,
_cc1987.
300 _aix, 552 p. ;
_c24 cm.
504 _aBibliography: p. 523-533.
504 _aIncludes indexes.
650 0 _aCommunity organization.
_97131
700 1 _aCox, Fred M.
_97132
942 _2ddc
_cBK
999 _c2180
_d2180